000 01099aam a2200313 i 4500
001 18708
003 CO-MdBIC
005 20210904095825.0
008 210904t2004 us ||||| |||| 00| 0 eng d
020 _a0-19-860966-3
040 _bspa.
_aCO-MdFUSB
_cCO-MdFUSB
_dCO-MdFUSBC
_erda
041 _aeng
082 0 4 _aR 704.9482 M87d
100 1 _aMurray, Peter
245 1 0 _aOxford dictionary of Christian art : a fascinating exploration of art influenced by Christian history and beliefs / Peter Murray , Linda Murray
_c/
260 _aGreat Britain : Oxford University Press
264 1 _aNew York, United States
_bOxford University Press,
_c[2004]
264 4 _c© 2004
300 _a646 páginas
_c;
336 _2rdacontent
_atexto
_btxt
337 _2rdamedia
_asin mediación
_bn
338 _2rdacarrier
_avolumen
_bnc
501 _aRústico
505 0 0 _aEl arte y arquitectura cristiana -- Biografías de pintores y escultores cristianos -- Temas cristianos en el arte y la arquitectura
653 _aDictionary
653 _aChristian Art
942 _cBK
945 _aEstudiante
999 _c45119
_d45119